Dez maiores países por área - Statistics

Estatísticas Gerais
  • Esse quiz foi jogado 74 vezes
  • A pontuação média é 9 de 10
Estatísticas das Respostas
Hint Resposta % Correto
América Canadá
100%
Ásia China/RPC
100%
América Estados Unidos/USA/EUA
100%
Ásia/Europa Rússia
100%
América Brasil
98%
Oceania Austrália
97%
América Argentina/Argentum
95%
Ásia Índia/Bhārat
87%
Ásia -stão Cazaquistão
84%
África Argélia
68%
Nenhum quiz correspondente encontrado
Distribuição das Pontuações
Porcentagem de Pessoas com Cada Pontuação
Percentil de Números Respondidos
Sua Pontuação Histórica
Você não jogou esse quiz